[Event "RUS-Cup4"]
[Site "Perm"]
[Date "1997.02.15"]
[Round "8"]
[White "Vaulin, Alexander"]
[Black "Prokopchuk, Evgeny"]
[Result "1-0"]
[WhiteElo "2490"]
[BlackElo "2440"]
[Annotator "Ribli,Z"]
[PlyCount "101"]
[EventDate "1997.02.02"]
[EventType "swiss"]
[EventRounds "9"]
[EventCountry "RUS"]
[SourceTitle "CBM 058"]
[Source "ChessBase"]
[SourceDate "1997.06.01"]
[SourceVersion "1"]
[SourceVersionDate "1997.06.01"]
[SourceQuality "1"]

1. g3 e5 2. c4 Nf6 3. Bg2 c6 4. Nf3 (4. Nc3 {In der Zugfolge 1.c4 e5 2.Nc3 Nf6
3.g3 c6 hat Weiss einen besseren Zug als 4.Bg2, was Zugumstellung wäre, und
zwar 4.Nf3 mit etwas besseren Chancen für Weiß.Ribli.} d5 5. cxd5 cxd5 6. Qb3
$13) 4... d6 (4... e4 {Das halte ich für die prinzipielle Fortsetzung.Ribli.}
5. Nd4 d5 6. cxd5 Qxd5 $11) 5. Nc3 Nbd7 6. d4 {[%csl Yc4,Yd4]} e4 {Schwarz
sucht Verwicklungen. 6...Be7 führt zu ruhigem Spiel mit etwas besserem
Aussichten für Weiß dank des Uebergewichts im Zentrunm.Ribli.} 7. Nh4 {[%cal
Yh4f5,Rc3e4] Weiss greift den Bauern e4 an und möchte Nf5 spielen (sonst steht
der Springer schlecht auf h4.).Ribli.} (7. Nd2 d5 8. O-O Be7 9. a4 a5 10. cxd5
cxd5 11. f3 exf3 12. Nxf3 O-O 13. Bf4 Nb6 14. Nb5 Nc4 15. Qb3 Bd7 16. Ne5 $14 {
Ibragimov,I-Prokopchuk,E/St.Petersburg op/1994/}) (7. Ng5 d5 8. cxd5 cxd5 9.
Qb3 Nb6 10. O-O Be7 11. a4 a5 12. Bf4 O-O 13. Nb5 Ne8 14. Nh3 Nc4 15. f3 $13 {
Lobron,E-Hickl,J/Frankfurt op/1996/}) 7... Nb6 (7... d5 8. cxd5 cxd5 9. Qa4 {
Der N steht hier auf d7 sehr schlecht.Ribli.} Be7 10. Nf5 O-O 11. Nxe7+ Qxe7
12. b3 Nb6 13. Qa5 Re8 14. Ba3 Qd8 15. Nb5 $36 {Weiss steht dank des
schwarzfeldigen Drucks stark am Damenfluegel.Ribli.}) 8. Nxe4 $5 {
Interessanter Zentrumsbauerntausch.Weiss bekommt e4 fuer c4.Ribli.} (8. b3 d5
9. c5 Nbd7 10. f3 Qa5 11. Qd2 g5 $1 12. Nf5 Nxc5 $13 {Timoschenko,G-Serper,G/
Irkutsk/1986/}) 8... Nxe4 (8... Nxc4 9. Nxf6+ Qxf6 10. O-O (10. d5 $1 Nxb2 11.
Bxb2 Qxb2 12. dxc6 Qc3+ (12... Qb4+ 13. Qd2 $16) 13. Kf1 bxc6 14. Rc1 $18 {
[%csl Rc6]}) 10... d5 $13) 9. Bxe4 Nxc4 10. d5 $1 {Sonst spielt Schwarz d6-d5.
Ribli.} Qa5+ 11. Kf1 {Weiss kann jetzt nicht mehr rochieren, aber sein
Uebergewicht im Zentrum ist wichtiger.Ribli.} Bh3+ (11... cxd5 12. Qxd5 (12.
Bxd5 $5 Bh3+ 13. Bg2) 12... Bh3+ 13. Ng2 $14 {[%csl Ra5,Rb7,Rc4]}) 12. Bg2
Bxg2+ 13. Kxg2 cxd5 $146 (13... Qxd5+ 14. Qxd5 cxd5 15. Rd1 $14 {[%csl Rd5,Rd6]
[%cal Rd1d5] Fominyh,A-Prokopchuk,E/RUS-chT/1995/ Weiss gewinnt den Bauern
zurück, hält den Druck in die d-Linie und bekommt mit b2-b3 nebst Bc1-b2 ohne
Risiko das bessere Mittelspiel/Endspiel.Ribli.}) 14. b3 Ne5 (14... Nb6 {
Wie Herr Tartakower sagte:"der Springer steht immer schlecht auf b6". Das gilt
auch in dieser Stellung.Ribli.} 15. Bb2 {[%csl Gb2,Rg7][%cal Yh4f5,Yb2g7,Yf5g7]
}) 15. Bb2 O-O-O 16. Nf5 $44 h5 17. Qc2+ (17. h4 {[%csl Rg4][%cal Ye5g4]
Schwarz wollte diesen Zug provozieren, um dann später mit Ng4 zu kommen.Ribli.}
) 17... Kb8 18. Rhd1 $14 h4 {Schwarz opfert diesen Bauer für Aktivitat. Er hat
eine schwere Stellung.Ribli.} (18... g6 19. Ne3) 19. Nxh4 {Jetzt ist zwar das
materielle Gleichgewicht auf dem Brett wieder hergestellt, aber Weiss hat
wegen seiner viel gesünderen Bauernstruktur die besseren Chancen.Ribli.} Rh5
20. Rac1 Nc6 21. Nf3 Rc8 22. Rd3 {Mit einfachen Zuegen verbessert Weiss seine
Stellung. Der Hauptangriffspunkt ist der d5-Bauer. Ribli.} Re8 (22... Ne7 23.
Rc3 $16 {[%cal Rc3c8]}) 23. a3 Qd8 24. g4 (24. Qd1 $5 {[%csl Rd5]}) 24... Rhe5
$1 {Ein gutes positionelles Qualitätsopfer im Stile Petrosians. Schwarz opfert
Material und im Ausgleich bekommt er für den schwachen Doppelbauern zwei
gesunde verbundene Zentrumbauern. Das ist sicher ein Erfolg, aber behält Weiss
trotzdem die bessere Moeglichkeiten - Qualität mehr ist Qualität mehr.Ribli.}
25. Nxe5 dxe5 26. Rcd1 d4 27. Rf3 {[%cal Yc2e4]} Qd5 $8 {Sonst konnte Weiß mit
28.Qe4 fortsetzen und die zentralisierte Dame wäre stark.Ribli.} 28. Qc4 Qxc4
29. bxc4 f6 {[%csl Yd4,Ye5,Yf6,Yg7] Schwarz hat reale positionelle
Kompensation - der Bb2 steht wegen der schwarzen Steinwand g7-f6-e5-d4
wirkungslos und die weißen Damenflügelbauern sind auch schwach.Ribli..} 30. Rh3
$1 {[%cal Rh3h8] Weiß besetzt die einzige offene Linie und mit den h- und
g-Bauern gegen den schwarzen g-Bauer hat er eine Bauernmehrheit auf dieser
Seite des Brettes.Ribli.} Na5 (30... Rc8 31. Rh8) 31. Rc1 Bc5 32. Rh7 Re7 33.
h4 $1 {Weiss kann zwar keinen entfernten Freibauern bilden ,aber mit folgendem
h5-h6 plant er die Schwächung der stolzen schwarze Bauernphalanx.Ribli.} Kc7
34. h5 Kd7 35. h6 gxh6 36. Rxh6 {[%csl Rf6]} Re6 37. Rh7+ Be7 (37... Re7 $2 38.
Rxe7+ Kxe7 39. Kf3 Ke6 40. Ke4 $16 {[%csl Ge4] Mit zentralisiertem Koenig und
der Drohung f2-f4.Ribli.}) 38. a4 $1 {[%csl Re7][%cal Rb2a3] Droht 39.Ba3.
Ribli.} Kc6 39. Kf3 Nb3 40. Rd1 Bb4 $2 {Dieser letzte Zug vor der
Zeitkontrolle. Schwarz will 41...Nd2 spielen.Ribli.} (40... Nc5 $5 {[%csl Ra4,
Gd3,Ge4] Auf diese Weise kontrolliert Schwarz die wichtigsten Felder und Bauer
a4 hängt.Ribli.} 41. Ba3 $1 {[%cal Ra3e7]}) 41. Ke4 $16 Rd6 (41... Nc5+ 42. Kf5
Rd6 {Das ist nur Zugumstellung.Ribli.}) 42. Kf5 Nc5 43. Rh6 Nxa4 {Nun hat
Schwarz einen zweiten Bauern für die Qualitaet, aber er wird den f6-Bauer
verlieren, wonach der weisse g-Bauer kaum zu halten ist.Ribli.} 44. Bc1 Nc3 45.
Rdh1 Nxe2 46. Rxf6 Rxf6+ 47. Kxf6 e4 48. g5 Bc3 (48... d3 49. g6 d2 50. Bxd2 $6
(50. Bb2 Bc3+ 51. Bxc3 Nxc3 52. g7 $18) 50... Bxd2 51. g7 Bc3+) 49. g6 $18 e3 (
49... d3+ 50. Kf7 d2 51. Bxd2 Bxd2 52. g7 $18) 50. Ke7 exf2 51. g7 {Und
Schwarz gab auf. Ribli.} (51. g7 Ng1 52. g8=Q f1=Q 53. Rh6+ Kc5 54. Ba3+ Bb4
55. Qd5#) 1-0

[Event "RUS-ch 53rd"]
[Site "Samara"]
[Date "2000.06.22"]
[Round "6"]
[White "Lugovoi, Aleksei"]
[Black "Varavin, Viktor"]
[Result "1-0"]
[WhiteElo "2515"]
[BlackElo "2410"]
[Annotator "Ribli,Z"]
[PlyCount "65"]
[EventDate "2000.06.03"]
[EventType "swiss"]
[EventRounds "11"]
[EventCountry "RUS"]
[SourceTitle "CBM 078"]
[Source "ChessBase"]
[SourceDate "2000.10.18"]
[SourceVersion "1"]
[SourceVersionDate "2000.10.18"]
[SourceQuality "1"]

1. d4 {Meulders} Nf6 2. c4 d6 3. Nf3 Nc6 {Dieser Springerzug gefällt mir nicht.
Es wäre besser, die Entwicklung entweder mit 3...g6 oder mit 3...Nbd7
fortzusetzen.} 4. Nc3 (4. d5 $5 Ne5 5. Nxe5 dxe5 6. Nc3 $14) 4... e5 5. d5 Ne7
(5... Nb8 $14) 6. e4 g6 (6... Ng6 7. Be2 Be7 8. h4 $14) 7. c5 $1 {Dieser Zug
ist viel stärker in dieser konkreten Stellung als eine schablonenhafte
Entwicklung. Weiß kann sofort Drohungen am Damenflügel entwickeln.} (7. Be2 Bg7
8. O-O O-O {Jetzt haben wir - durch Zugumstellung - eine Grundstellung der
Königsindischen Verteidigung vor uns.}) 7... Bg7 8. Qa4+ $5 {[%mdl 4]} (8. cxd6
cxd6 9. Qa4+ (9. Be2 O-O 10. Nd2 Ne8 11. O-O f5 12. a4 Bh6 13. Nc4 Bxc1 14.
Rxc1 fxe4 15. Nxe4 Nf5 16. f4 $36 {1-0 Komarov,D-Miroshnichenko,E/Donetsk 1998/
CBM 68 (24)}) (9. Bb5+ Nd7 10. O-O (10. Be3 O-O 11. Nd2 f5 12. f3 Nf6 13. O-O
f4 14. Bf2 g5 15. Be2 Ng6 16. Rc1 Rf7 {0-1 Sidorova,E-Faizulin,A/Novosibirsk
1998/EXT 2000 (40)}) 10... O-O 11. Be3 f5 (11... h6 12. Nd2 f5 13. f3 Nf6 14.
Be2 Bd7 15. Nc4 Nc8 16. a4 Nh5 17. Nb5 fxe4 18. fxe4 Nf4 19. Bg4 {1-0
Fyllingen,R-Hagesaether,H/NOR 1997/EXT 99 (32)}) 12. Ng5 Nf6 13. Be2 h6 14. Ne6
Bxe6 15. dxe6 fxe4 16. Qb3 b6 17. Rad1 d5 18. Nxd5 Nexd5 19. Bc4 Qe7 20. Bxd5
Nxd5 21. Qxd5 Rae8 22. Qxe4 {1-0 Cooper,J-Trois,F/Buenos Aires 1978/EXT 2000 
(69)}) 9... Bd7 10. Qb4 Qb8 11. Bb5 O-O 12. Bg5 Bxb5 (12... Rd8 13. Bxd7 Rxd7
14. O-O b5 15. Nd2 a5 16. Qxb5 Rb7 17. Qd3 Rxb2 18. Nb3 a4 19. Bc1 {1-0
Leontiev,A-Gutov,A/Moscow 1996/CBM 55 ext (32)}) 13. Nxb5 Nc8 14. O-O a6 15.
Nc3 h6 16. Be3 Nh5 17. Nd2 f5 18. exf5 Rxf5 19. Nce4 Nf4 20. g3 Nxd5 21. Qb3
Nce7 22. Nc3 e4 {1/2-1/2 Ivanov,S-Varavin,V/Samara 2000/CBM 78_02 (48)}) 8...
Bd7 (8... c6 9. Be3 O-O 10. Qa3 $36) 9. Qb4 {[%cal Gb4b7,Gb4d6]} Qb8 10. Be2
O-O 11. O-O $14 {Weiß hat Raumvorteil und spürbar Initiative am Damenflügel.}
a5 (11... Bg4 $5 12. Be3 $14) (11... Ne8 12. Bg5 f6 13. Bh4 $14) (11... dxc5
12. Qxc5 $16) 12. Qa3 b5 $5 {'?!' Meulders.} (12... Bg4 13. Be3 $14 (13. h3 {
Meulders} Bxf3 14. Bxf3 Nd7 15. cxd6 cxd6 16. Nb5 Nc5 17. Be3 b6 18. Rac1 $14)
(13. cxd6 cxd6 14. Nxe5 Bxe2 15. Nxe2 Re8 $1 16. Nc4 Nxe4 $11)) 13. cxb6 Qxb6
$2 {Es wäre viel besser, mit dem Bauern zu schlagen und später evtl. b6-b5 zu
ziehen.} (13... cxb6 14. Nxe5 dxe5 15. Qxe7 Re8 16. Qa3 b5 $44) {[#]} 14. Nxe5
$1 {[%cal Ga3e7][%mdl 64] Mit diesem Zug gewinnt Weiß einen Bauern.} Qb4 {
Schwarz erzwingt den Damentausch.} (14... dxe5 15. Qxe7 Rfe8 16. Qa3 Bf8 (16...
Rab8 17. Na4 Qb4 18. Qxb4 Rxb4 19. Nc5 $16) 17. Qb3 $16) 15. Nxd7 Nxd7 16. Qxb4
axb4 {Schwarz bekommt nun - ähnlich wie im Wolga-Gambit - etwas Initiative am
Damenflügel, jeodch keineswegs vollwertige Kompensation.} 17. Nb5 {Der Bg7
beherrscht die offene Diagonale, aber das stellt keine volle Kompensation für
den Bauern dar.} c6 (17... Rfc8 18. Bg5 f6 19. Bg4 $16 (19. Bh4 $16)) 18. Nxd6
(18. dxc6 Nxc6 19. Nxd6 Nd4 20. Bd1 Ra6 21. Bf4 $16) 18... cxd5 19. exd5 Ra5 (
19... Nxd5 20. Rd1 $16) (19... Nb6 20. Bf3 $16) (19... Nf6 20. Bc4 $16) 20. Nc4
(20. Bc4 Nb6 21. Bb3 Nexd5 22. Rd1 $16) 20... Rxd5 21. Bd2 $16 {Weiß hat einen
Mehrbauern und das bessere Figurenspiel.} Re8 (21... Bxb2 22. Rad1 Ba3 23. Bf3
Rd4 24. Bxb4 Rxd1 25. Rxd1 Bxb4 26. Rxd7 $16) (21... Rb8 22. Rad1 $16) 22. Rad1
Nf5 23. Bxb4 Nd4 24. Bd3 Nc6 25. Ba3 {Weiß hat jetzt schon zwei Bauern mehr.
Die schwarzen Figuren stehen zwar aktiv, doch früher oder später muss der
weiße Materialvorteil den Ausschlag geben.} Nde5 (25... Nd4 {[%cal Gd4b5]} 26.
Nd6 $18) 26. Nxe5 Nxe5 27. Be2 Red8 (27... Rxd1 28. Rxd1 $18) 28. Rxd5 Rxd5 29.
Rc1 $18 {[%cal Rc1c8,Rc8g8] Weiß steht auf Gewinn - er hat zwei gesunde
Mehrbauern und das Läuferpaar.} (29. Rd1 $6 Rxd1+ 30. Bxd1 Nc4 {[%csl Rb2]} 31.
Bc5 Nxb2 32. Bc2 $16) 29... h5 30. Rc8+ (30. Bb4 $18) 30... Kh7 31. Rc2 f5 32.
Bb4 {Weiß möchte 33.Rd2 ziehen und die Türme tauschen. Zudem droht der
Vormarsch des a-Bauern. Schwarz hat keine Verteidigung.} Bh6 33. a4 1-0

[Event "Brno-A"]
[Site "Brno"]
[Date "1994.??.??"]
[Round "4"]
[White "Epishin, Vladimir"]
[Black "Stangl, Markus"]
[Result "1-0"]
[WhiteElo "2650"]
[BlackElo "2535"]
[Annotator "Ribli,Z"]
[PlyCount "67"]
[EventDate "1994.08.??"]
[EventType "tourn"]
[EventRounds "9"]
[EventCountry "CZE"]
[EventCategory "13"]
[SourceTitle "CBM 043"]
[Source "ChessBase"]
[SourceDate "1994.12.01"]
[SourceVersion "1"]
[SourceVersionDate "1994.12.01"]
[SourceQuality "1"]

1. d4 Nf6 2. c4 d6 3. Nc3 Nbd7 4. Nf3 e5 5. Bg5 Be7 6. e3 Ng4 (6... c6 7. Qc2
O-O 8. O-O-O Qc7 9. Bd3 Re8 10. g4 $14 {Miles,A-Jamieson,P/Australia/1992/
INF55,80/}) (6... Ng8 $5) 7. Bxe7 Qxe7 8. Be2 O-O 9. O-O Re8 10. Rc1 $5 c6 11.
b4 a5 $6 (11... e4 12. Nd2 Ngf6 13. a4 $14) 12. b5 Nf8 $6 13. bxc6 bxc6 14. h3
Nf6 15. c5 $1 e4 (15... exd4 16. cxd6 Qxd6 17. Nxd4 $14) (15... dxc5 16. dxe5
N6d7 17. Ne4 Nxe5 18. Nxc5 $14) 16. cxd6 Qxd6 17. Ne5 N8d7 18. Nxd7 Bxd7 19.
Qc2 Qa3 (19... c5 20. Nb5 $1 Bxb5 21. Bxb5 Rec8 22. dxc5 $16) 20. Nb1 Qe7 21.
Qc5 $1 Qxc5 22. Rxc5 $14 Reb8 23. Nc3 Rb4 24. Rc1 Kf8 25. Bd1 $1 Ra6 26. Bc2
Be6 27. a3 Rb2 (27... Rc4 28. Rxc4 Bxc4 29. Nxe4 $18) 28. Bxe4 Rb3 (28... Nxe4
29. Nxe4 Bd5 30. Nc3 $18) 29. Bxc6 Rxa3 30. d5 Bd7 31. e4 Be8 32. Bxe8 Nxe8 33.
e5 Ke7 34. Rb1 1-0

[Event "Altensteig"]
[Site "Altensteig"]
[Date "1991.??.??"]
[Round "5"]
[White "Boensch, Uwe"]
[Black "Blatny, Pavel"]
[Result "0-1"]
[WhiteElo "2560"]
[BlackElo "2480"]
[Annotator "Ribli,Z"]
[PlyCount "100"]
[EventDate "1991.07.??"]
[EventType "tourn"]
[EventRounds "11"]
[EventCountry "GER"]
[EventCategory "11"]
[SourceTitle "CBM 025"]
[Source "ChessBase"]
[SourceDate "1991.12.01"]
[SourceVersion "1"]
[SourceVersionDate "1991.12.01"]
[SourceQuality "1"]

1. d4 Nf6 2. c4 d6 3. Nf3 Nbd7 4. Nc3 e5 5. Bg5 Be7 6. e3 c6 7. Qc2 h6 8. Bh4
Nh5 (8... O-O 9. Be2 Nh7 10. Bg3 Ng5 11. O-O-O Nxf3 12. Bxf3 Qa5 13. Kb1 Re8
14. Rhe1 $14 {Kaidanov,G-Boosboom,M Groningen op 1990 CBM/22}) 9. Bxe7 Qxe7 10.
O-O-O (10. Be2 Nhf6 11. O-O O-O 12. Rad1 Re8 13. h3 Nf8 14. c5 $1 $14 {
Knaak-Cifuentes Wijk aan Zee-B 1989 45/(74)}) 10... Nhf6 11. Bd3 a6 12. Nh4 g6
13. g3 O-O 14. f4 (14. Bxg6 $5 fxg6 15. Nxg6 $13) 14... Re8 15. fxe5 dxe5 16.
Rhf1 e4 17. Be2 b5 18. c5 b4 19. Na4 Nd5 20. Qb3 N7f6 21. Nb6 Bh3 22. Nxa8 Bxf1
23. Rxf1 Rxa8 24. Ng2 a5 25. Qa4 Qd7 26. Rf2 Kg7 27. Bd1 g5 28. g4 Qc7 29. Rd2
Rc8 30. h3 Qg3 31. Qxa5 Qxh3 32. Qa6 Rc7 33. Qe2 Ra7 34. Kb1 Qg3 35. Rc2 b3 36.
Rc4 bxa2+ 37. Ka1 Rb7 38. Qd2 Nxg4 39. Ba4 Rc7 40. b4 h5 41. Rc1 h4 42. b5 cxb5
43. Bb3 Ngf6 44. Qxa2 h3 45. Bxd5 hxg2 46. Rg1 Qxe3 47. Rxg2 Nxd5 48. Qxd5 Qc1+
49. Ka2 Ra7+ 50. Kb3 Qb1+ 0-1

[Event "Altensteig"]
[Site "Altensteig"]
[Date "1991.??.??"]
[Round "10"]
[White "Stangl, Markus"]
[Black "Lutz, Christopher"]
[Result "1/2-1/2"]
[WhiteElo "2490"]
[BlackElo "2545"]
[Annotator "Ribli,Z"]
[PlyCount "63"]
[EventDate "1991.07.??"]
[EventType "tourn"]
[EventRounds "11"]
[EventCountry "GER"]
[EventCategory "11"]
[SourceTitle "CBM 025"]
[Source "ChessBase"]
[SourceDate "1991.12.01"]
[SourceVersion "1"]
[SourceVersionDate "1991.12.01"]
[SourceQuality "1"]

1. Nf3 d6 2. d4 Nf6 3. g3 Nbd7 4. Bg2 e5 5. c4 Be7 6. O-O O-O 7. Nc3 c6 8. Qc2
Re8 9. Rd1 Qc7 (9... Bf8 10. e4 Qc7 (10... a6 11. a4 $6 a5 12. h3 exd4 13. Nxd4
Nc5 14. Be3 Qc7 15. Rd2 g6 16. Rad1 Nfd7 $13 {Joksic,S-Savon,V Borovo 1991 EXP/
23}) 11. h3 b5 12. c5 Bb7 13. cxd6 Bxd6 14. dxe5 Nxe5 15. Nxe5 Bxe5 16. Be3
Bxc3 17. bxc3 c5 18. Bf4 Qc8 19. f3 a5 $13 {Ruf,M-Schlosser,P Kecskemet 1990
CBM/20}) 10. b3 (10. h3 $5 a6 (10... Bf8 11. Be3 $1 exd4 12. Bxd4 Ne5 13. b3
Bd7 14. Kh2 Rad8 15. Nh4 Bc8 16. e4 g6 17. f4 Ned7 18. Rd2 Bg7 19. Rad1 $14 {
Terentiev,V-Sutorikhin,E URS-sf Voronez 1991 CBM/22}) 11. Be3 $1 Bf8 12. Rac1
g6 13. a3 Rb8 14. b4 h6 15. c5 $1 $14 {Foigel,I-Khmelnitsky,I URS-sf Kherson
1989 CBM/16}) 10... a6 (10... Bf8 11. e4 b5 12. dxe5 dxe5 13. Qe2 bxc4 14. Qxc4
Nc5 15. Qe2 Ba6 16. Qc2 Rad8 $36 {Lin Ta-Zapata,A Manila izt 1990 CBM/19}) 11.
Bb2 Bf8 12. Rac1 Qb8 13. Ng5 h6 14. Nge4 Nxe4 15. Nxe4 (15. Bxe4 $5) 15... f5
16. Nc3 e4 17. f3 exf3 18. exf3 Nf6 19. Re1 Rxe1+ 20. Rxe1 b5 21. Ne2 Qb6 22.
Nf4 Bd7 23. Bh3 bxc4 24. Qxc4+ d5 25. Qd3 Qa5 26. Re2 Qxa2 27. Bxf5 Bxf5 28.
Qxf5 Qxb3 29. Qe6+ Kh7 30. Qf5+ Kg8 31. Qe6+ Kh7 32. Qf5+ 1/2-1/2

[Event "Gelsenkirchen"]
[Site "Gelsenkirchen"]
[Date "1991.??.??"]
[Round "?"]
[White "Costa, Jean Luc"]
[Black "Padevsky, Nikola Bochev"]
[Result "1/2-1/2"]
[WhiteElo "2405"]
[BlackElo "2425"]
[Annotator "Ribli,Z"]
[PlyCount "46"]
[EventDate "1991.05.??"]
[EventType "tourn"]
[EventRounds "11"]
[EventCountry "GER"]
[EventCategory "8"]
[SourceTitle "CBM 025"]
[Source "ChessBase"]
[SourceDate "1991.12.01"]
[SourceVersion "1"]
[SourceVersionDate "1991.12.01"]
[SourceQuality "1"]

1. d4 Nf6 2. c4 d6 3. Nc3 Nbd7 4. Nf3 e5 5. Bg5 c6 6. Qc2 Be7 7. e3 O-O 8.
O-O-O Qa5 (8... Ng4 9. Bxe7 Qxe7 10. h3 Ngf6 11. g4 Re8 12. g5 Nh5 13. Be2 Nf8
14. dxe5 dxe5 15. h4 g6 16. Nd2 $14 {Mohr,S-Werner,D Budapest Cansys 1991 EXP/
23}) 9. Bd3 Re8 10. Kb1 (10. g4 $1 Nf8 11. h3 Be6 12. Kb1 Rac8 13. Bh4 $14 {
Novikov,I-Gorbatov,A Moscow op 1990 EXP/19}) 10... Nf8 11. h4 a6 12. Bxf6 Bxf6
13. d5 c5 14. Bf5 b5 15. g4 Be7 16. Ng5 g6 17. Bxc8 Raxc8 18. Nge4 Rb8 19. f4
exf4 20. exf4 bxc4 21. g5 Nd7 22. Rdf1 (22. h5 $1) 22... f5 23. Nf2 Bf8 1/2-1/2

[Event "Santa Clara"]
[Site "Santa Clara"]
[Date "1991.??.??"]
[Round "11"]
[White "Nogueiras Santiago, Jesus"]
[Black "Remon, Adelquis"]
[Result "1/2-1/2"]
[WhiteElo "2535"]
[BlackElo "2375"]
[Annotator "Ribli,Z"]
[PlyCount "122"]
[EventDate "1991.02.??"]
[EventType "tourn"]
[EventRounds "13"]
[EventCountry "CUB"]
[EventCategory "9"]
[SourceTitle "CBM 026"]
[Source "ChessBase"]
[SourceDate "1992.02.01"]
[SourceVersion "1"]
[SourceVersionDate "1992.02.01"]
[SourceQuality "1"]

1. d4 Nf6 2. Nf3 d6 3. c4 Nbd7 4. g3 c6 5. Bg2 e5 6. O-O Be7 7. Nc3 O-O 8. Qc2
Re8 9. Rd1 Qc7 (9... Bf8 10. e4 a6 11. a4 $6 a5 12. h3 exd4 13. Nxd4 Nc5 14.
Be3 Qc7 $13 {Joksic,S-Savon,V Borovo 1991 EXP/23}) 10. e4 (10. h3 $5 Bf8 11.
Be3 exd4 12. Bxd4 Ne5 13. b3 Bd7 14. Kh2 Rad8 15. Nh4 Bc8 16. e4 g6 17. f4 $14
{Terentiev,V-Sutorikhen,E URS-sf Voronez 1991 EXP/22}) (10. b3 a6 11. Bb2 Bf8
12. Rac1 Qb8 13. Ng5 $14 {Stangl,M-Lutz,C Altensteig 1991 CBM/25}) 10... b5 11.
cxb5 cxb5 12. Qb3 Rb8 13. a3 Bf8 14. Be3 Qc4 15. Qxc4 (15. Nd2 Qxb3 16. Nxb3 b4
$13) 15... bxc4 16. Bf1 Rxb2 17. Bxc4 exd4 18. Bxd4 Ne5 19. Bxe5 (19. Nxe5 dxe5
20. Bxa7 Bg4 21. Rdc1 Ra8 $10) 19... dxe5 20. Ng5 Rb7 21. Bb5 Bd7 22. Bxd7 Nxd7
23. Ra2 Nc5 24. Kg2 Rb3 25. Nd5 h6 26. Nf3 Nxe4 27. Re2 Nc5 28. Rxe5 Rxe5 29.
Nxe5 Rxa3 30. Nc7 Rc3 31. Nb5 Rc2 32. Nxa7 Ne4 33. Rd8 Rxf2+ 34. Kg1 Rd2 35.
Nd7 g6 36. Rxf8+ Kg7 37. Rd8 Nf6 38. Nxf6 Rxd8 39. Ne4 Rd4 40. Nf2 Ra4 41. Nb5
f5 42. Kf1 Kf6 43. Ke2 g5 44. Kd3 Rb4 45. Nd4 Rb2 46. Ke3 Ra2 47. Ne2 Ra1 48.
Kf3 Ra3+ 49. Kg2 Ke5 50. h3 Ra2 51. Kf3 Ra3+ 52. Kg2 Re3 53. Ng1 Kf6 54. Nf3
Re2 55. g4 Ra2 56. Kg3 Ra3 57. Kg2 Ra4 58. Kg3 fxg4 59. hxg4 Ke6 60. Kg2 Ra3
61. Kg3 Kf6 1/2-1/2

[Event "Buenos Aires Najdorf"]
[Site "Buenos Aires"]
[Date "1991.??.??"]
[Round "4"]
[White "Amura, Claudia Noemi"]
[Black "Larsen, Bent"]
[Result "1/2-1/2"]
[WhiteElo "2405"]
[BlackElo "2560"]
[Annotator "Ribli,Z"]
[PlyCount "120"]
[EventDate "1991.04.??"]
[EventType "tourn"]
[EventRounds "13"]
[EventCountry "ARG"]
[EventCategory "11"]
[SourceTitle "CBM 024"]
[Source "ChessBase"]
[SourceDate "1991.10.01"]
[SourceVersion "1"]
[SourceVersionDate "1991.10.01"]
[SourceQuality "1"]

1. d4 Nf6 2. c4 d6 3. Nc3 e5 4. Nf3 Nbd7 5. e3 (5. Bg5 $5 c6 6. e3 Be7 7. Qc2
h6 (7... O-O 8. O-O-O Qa5 9. Bd3 Re8 10. g4 Nf8 11. h3 $14 {Novikov,I-Gorbatov,
A Moscow op 1990 EXP/19}) 8. Bh4 O-O 9. Be2 Nh7 10. Bg3 Ng5 11. O-O-O $14 {
Kaidanov,G-Bosboom,M Groningen op 1990 CBM/22}) 5... Be7 6. Be2 O-O 7. O-O c6
8. Qc2 (8. Rb1 Re8 9. b4 Bf8 10. b5 e4 11. bxc6 bxc6 12. Nd2 Rb8 13. Qc2 $13 {
Vera,R-Hodgson,Ju WchT Luzren 1989 CBM/16}) 8... a6 (8... Re8 9. Rd1 Bf8 10. b3
a6 11. Bb2 b6 12. Rac1 Bb7 13. Bf1 Qb8 14. g3 e4 15. Ng5 d5 16. Qe2 $14 {
Vuruna,M-Nikolic,Zi Vrnjacka Banja 1989 CBM/3}) 9. a4 a5 10. b3 Re8 11. Ba3 Bf8
12. Rfe1 Nb8 13. Rad1 e4 14. Nd2 Na6 15. f3 exf3 16. Bxf3 Nb4 17. Qb1 d5 18. e4
Nxe4 19. Ndxe4 Bf5 20. Bc1 dxe4 21. Nxe4 Bg6 22. Qb2 Qd7 23. Qf2 Rad8 24. Bb2
f5 25. Ng5 Rxe1+ 26. Qxe1 Re8 27. Qd2 f4 28. Bc3 Re3 29. Re1 Nc2 30. Rxe3 fxe3
31. Qd1 Be7 32. Ne4 Nb4 33. Qe2 Bxe4 34. Bxe4 Bg5 35. Qh5 h6 36. Qg6 Bf6 37.
Bf5 Qd8 38. Be6+ Kh8 39. Bf5 Kg8 40. Be6+ Kh8 41. Kf1 Qe7 42. Bf5 e2+ 43. Ke1
Kg8 44. Be4 c5 45. Bxb4 cxb4 46. Qf5 Qd8 47. Qe6+ Kh8 48. d5 Be7 49. Qg6 Kg8
50. Qe6+ Kh8 51. Kxe2 b6 52. Qg6 Kg8 53. Qe6+ Kh8 54. g3 Bc5 55. Kd3 Qf6 56.
Qxf6 gxf6 57. Bf5 Kg7 58. Ke4 Kf7 59. Be6+ Ke7 60. Kf5 Bg1 1/2-1/2